000 00810nam a22002777a 4500
001 40164
003 UA-OsUOA
005 20210511225829.0
007 ta
008 20060718b un ||||| |||| 00| 0 ukr d
020 _a9665742426
040 _aUA-OsUOA
_bukr
_cUA-OsUOA
_dUA-OsUOA
041 _aukr
080 _a336.7:004
090 _a336.7:004
_bР59
100 _aРогач І. Ф.
245 _aІнформаційні системи у фінансово-кредитних установах
_bнавч. посіб.
260 _aК.
_bКНЕУ
_c2001
300 _a239 с.
650 7 _a336 Фінанси
_2UDC
700 _aСендзюк М. А.
700 _aАнтонюк В. А.
942 _cBK
_2udc
955 _a2
999 _c326301
_d326301